000 00280nam a22001217a 4500
008 181030b xxu||||| |||| 00| 0 eng d
041 _aeng
080 _218 ED
_a030
100 _a27
101 _aENC
245 _aEncyclopedia Of Social Work
_crOSINA.b m
942 _2udc
_cBK
999 _c51168
_d51168